| 000 | 00870cab a2200253 4500 | ||
|---|---|---|---|
| 001 | WB2901-67 | ||
| 008 | 090401t1992 xxu||||| |||| 00| 0 eng d | ||
| 035 | _a(Sirsi) u18657 | ||
| 041 | _aeng | ||
| 245 | _aEcclesiastical listing exemption | ||
| 260 | _c1992 | ||
| 350 | _a0 | ||
| 490 |
_aDepartment of National Heritage Press Release _v(DNH 129/92) 17 December 1992 (5) |
||
| 520 | _aExemption from listed building control for churches is to be limited to those instances where internal procedures conform to a new code of practice published by the Department of National Heritage. | ||
| 650 | _aALTERATIONS | ||
| 650 | _aCATHEDRALS | ||
| 650 | _aECCLESIASTICAL EXEMPTION | ||
| 650 | _aLISTED BUILDING CONTROL | ||
| 650 | _aLISTED BUILDINGS | ||
| 650 | _aPLACES OF WORSHIP | ||
| 690 | _aPLANNING LAW AND PRACTICE | ||
| 942 | _n0 | ||
| 948 | _c04/03/1997 | ||
| 999 |
_c12416 _d12416 |
||